Manushya vikasathinte adisthana thathwangal/ (Record no. 27706)

000 -LEADER
fixed length control field 00357nam a22001451a 4500
082 ## - DEWEY DECIMAL CLASSIFICATION NUMBER
Classification number 573.2
Item number SAH/M
100 ## - MAIN ENTRY--AUTHOR NAME
Personal name Saharsh B
245 ## - TITLE STATEMENT
Title Manushya vikasathinte adisthana thathwangal/
Statement of responsibility, etc by Saharsh B
260 ## - PUBLICATION, DISTRIBUTION, ETC. (IMPRINT)
Name of publisher B Saharsh,
Year of publication 2001.
Place of publication
300 ## - PHYSICAL DESCRIPTION
Number of Pages 257p.
650 ## - SUBJECT ADDED ENTRY--TOPICAL TERM
Topical Term Genetics Humankind
650 ## - SUBJECT ADDED ENTRY--TOPICAL TERM
Topical Term Human anthropology
650 ## - SUBJECT ADDED ENTRY--TOPICAL TERM
Topical Term Science
942 ## - ADDED ENTRY ELEMENTS (KOHA)
Koha item type Book
Holdings
Withdrawn status Lost status Damaged status Not for loan Permanent Location Current Location Date acquired Cost, normal purchase price Full call number Accession Number Cost, replacement price Price effective from Koha item type
        Sree Sankaracharya University of Sanskrit Sree Sankaracharya University of Sanskrit 08.01.2015 90.00 573.2 SAH/M 031180 0.00 08.01.2015 Book